| 000 | 00609nam a2200169 a 4500 | ||
|---|---|---|---|
| 001 | 000048224 | ||
| 005 | 20201002061013.0 | ||
| 008 | 181207s2016 dr a 000 0 spa d | ||
| 020 | _a9789945902273 | ||
| 040 |
_aDO-SdBNP _bspa _cBNPHU |
||
| 082 |
_axxx _bxxxx |
||
| 245 | 0 | 0 | _aAvances y desafíos para la atención inclusiva de las personas con trastorno del espectro autista /. |
| 260 |
_aSanto Domingo : _bOrganización de Estados Iberoamericanos (OEI), _bDespacho Primera Dama, _c2016. |
||
| 300 |
_a94 p. : _bilustraciones ; _c28 cm. |
||
| 504 | _aBibliografía p: 89-94 | ||
| 590 | _aInventariado, 2019/ YL | ||
| 999 |
_c47712 _d47712 |
||